Score 0/30 Timer 07:00
15 Plays Today
Hint Answer % Correct
EasyToyota
91.6%
Easybuoy
88.5%
Easyoyster
87.4%
EasyWile E. Coyote
85.1%
Easyalloy
81.1%
Easyjoystick
80%
EasyCowboys
79.9%
EasyLeo Tolstoy
76.4%
EasyPink Floyd
74.9%
EasyArthur Conan Doyle
65.7%
MediumTroy
60%
MediumLa Toya
57%
MediumRolls-Royce
50.9%
MediumElroy
50.8%
Mediumcorduroy
50%
Hint Answer % Correct
Mediumsoybean
47.4%
MediumHoya
43.7%
MediumMcCoy
42.4%
MediumFrancisco Goya
41.3%
MediumRob Roy
38.8%
HardTinkertoy
26.5%
HardDan Aykroyd
25.9%
Hardsamoyed
22.9%
Hardboysenberry
22.7%
HardEdmond Hoyle
21.6%
HardSoyuz
20.9%
HardLoyola
19.1%
Hardoyez
14.9%
HardDavid Lloyd George
11.5%
Hardbenzoyl peroxide
11.4%
Remove Ads.
Support Sporcle.
Get the best of Sporcle when you Go Orange. This ad-free experience offers more features, more stats, and more fun while also helping to support Sporcle. Thank you for becoming a member.

You're not logged in!

Compare scores with friends on all Sporcle quizzes.
OR
Log In

Show Comments

Extras

Top Quizzes Today


Score Distribution

Your Account Isn't Verified!

In order to create a playlist on Sporcle, you need to verify the email address you used during registration. Go to your Sporcle Settings to finish the process.

Report this User

Report this user for behavior that violates our Community Guidelines.

Details: